Wild instruments for optical tooling and precise measurements in industry and laboratories (Record no. 98725)
[ view plain ]
| 000 -LEADER | |
|---|---|
| fixed length control field | 00492cam a2200157 4500 |
| 001 - CONTROL NUMBER | |
| control field | D10884 |
| 008 - FIXED-LENGTH DATA ELEMENTS--GENERAL INFORMATION | |
| fixed length control field | 090401t xxu||||| |||| 00| 0 eng d |
| 035 ## - SYSTEM CONTROL NUMBER | |
| System control number | (Sirsi) u96925 |
| 041 ## - LANGUAGE CODE | |
| Language code of text/sound track or separate title | eng |
| 100 ## - MAIN ENTRY--PERSONAL NAME | |
| Personal name | Jackson, P. |
| 245 ## - TITLE STATEMENT | |
| Title | Wild instruments for optical tooling and precise measurements in industry and laboratories |
| 350 ## - PRICE (NR) (BK AM CF MU VM SE) [OBSOLETE] | |
| Price | 0 |
| 520 ## - SUMMARY, ETC. | |
| Summary, etc. | In RICS Land surveyors information package 2: industrial and engineering measurements (optical tooling) |
| 942 ## - ADDED ENTRY ELEMENTS (KOHA) | |
| Suppress in OPAC | 0 |
| 948 ## - LOCAL PROCESSING INFORMATION (OCLC); SERIES PART DESIGNATOR (RLIN) | |
| c (OCLC) | 04/03/1997 |
| Withdrawn status | Lost status | Source of classification or shelving scheme | Damaged status | Not for loan | Home library | Current library | Shelving location | Date acquired | Total Checkouts | Full call number | Barcode | Date last seen | Copy number | Price effective from | Koha item type |
|---|---|---|---|---|---|---|---|---|---|---|---|---|---|---|---|
| Other/Generic Classification Scheme | London | London | Folio | 04/04/2001 | F526.9028 | 96925-1001 | 06/08/2019 | 1 | 06/08/2019 | Reference material |